| Tag |
First Indicator |
Second Indicator |
Subfields |
| LEADER |
00000cam a22000004a 4500 |
| 001 |
in00001852182 |
| 005 |
20151026085100.0 |
| 008 |
040325s2004 cauab bf 001 0 eng |
| 010 |
|
|
|a 2004007013
|
| 020 |
|
|
|a 1576073483 (hardcover : alk. paper)
|
| 035 |
|
|
|a (OCoLC)ocm54823038
|
| 040 |
|
|
|a DLC
|c DLC
|d YDX
|d YBM
|d TXA
|d UtOrBLW
|
| 042 |
|
|
|a pcc
|
| 043 |
|
|
|a a-ii---
|
| 049 |
|
|
|a TXAM
|
| 050 |
0 |
0 |
|a DS407
|b .B63 2004
|
| 082 |
0 |
0 |
|a 954
|2 22
|
| 100 |
1 |
|
|a Blackwell, Fritz.
|
| 245 |
1 |
0 |
|a India :
|b a global studies handbook /
|c Fritz Blackwell.
|
| 264 |
|
1 |
|a Santa Barbara, Calif. :
|b ABC-CLIO,
|c 2004.
|
| 300 |
|
|
|a xvi, 300 pages :
|b illustrations, maps ;
|c 24 cm.
|
| 336 |
|
|
|a text
|b txt
|2 rdacontent
|
| 337 |
|
|
|a unmediated
|b n
|2 rdamedia
|
| 338 |
|
|
|a volume
|b nc
|2 rdacarrier
|
| 490 |
1 |
|
|a Global studies, Asia
|
| 504 |
|
|
|a Includes bibliographical references (pages 249-283) and index.
|
| 505 |
0 |
|
|a I: Narrative section -- 1. India's geography and history -- The physical and human geography of India -- Prehistory -- Indus civilization -- The Aryans -- Ancient history -- Events leading to the Sultanate -- The Delhi Sultanate and the Great Mughals -- The Raj (British empire in India) -- Independence/Nationalist movement -- Since Independence -- 2. India's economy -- History -- Period of European dominance -- Postindependence developments and conditions -- 3. Indian institutions -- Government and politics -- Education -- Traditional learning -- British period -- Independent India -- Women and oppressed groups -- Some statistics -- Summation -- Religion -- Religions entering from outside -- Indigenouse religions -- Religious violence in contemporary India -- 4. Indian society and contemporary issues -- Caste -- Varna -- Jati -- Caste today -- Women -- Language and regionalism -- Movies and television -- Population and ecology -- Indian relations with the outside world -- Pakistan and Kashmir -- South Asian Association for Regional Cooperation (SAARC) -- II: Reference materials -- Key events in Indian history -- Significant people, places, and events -- Indian languages, food, and etiquette -- Languages -- Food -- Beverages -- Etiquette -- Indian impact on the West and American culture -- Intellectual culture -- Contemporary pop culture -- Gandhian nonviolence -- India-related organizations and web sites -- Business and economics -- Government -- Education -- Tourism -- Annotated bibliography -- Books -- Culture -- Society, politics, and economics -- History -- Etiquette, food, and cooking -- Travel -- Gandhiana -- Periodicals -- Web sites.
|
| 651 |
|
0 |
|a India
|v Handbooks, manuals, etc.
|
| 830 |
|
0 |
|a Global studies, Asia.
|
| 856 |
4 |
1 |
|3 Table of contents
|u http://www.loc.gov/catdir/toc/ecip0416/2004007013.html
|t 0
|
| 994 |
|
|
|a E0
|b TXA
|
| 948 |
|
|
|a cataloged
|b h
|c 2004/8/13
|d c
|e jlanham
|f 1:59:14 pm
|
| 999 |
|
|
|a MARS
|
| 999 |
f |
f |
|s 8bd3b2b8-2ec4-370d-b3f5-68f5f0d89a2f
|i bfc4d5c5-9fc0-3744-b79d-a9315b17ff8e
|t 0
|
| 952 |
f |
f |
|p ric
|a Texas A&M University
|b Rellis Campus
|c Joint Library Facility
|d Remote Storage
|t 0
|e DS407 .B63 2004
|h Library of Congress classification
|i unmediated -- volume
|m A14831294451
|
| 998 |
f |
f |
|a DS407 .B63 2004
|t 0
|l Remote Storage
|